| 000 | 00417nam a2200169 a 4500 | ||
|---|---|---|---|
| 001 | 0000-8710 | ||
| 003 | ELIB.Books | ||
| 008 | 110520 1981 | ||
| 035 | _a(ELIB.Books)0000-8856 | ||
| 082 |
_a233 _bBur |
||
| 100 | _aBurns, J. Patout | ||
| 245 | _aTheological Anthropology | ||
| 260 |
_bPhiladelphia: Fortress Press _c1981 |
||
| 650 | _aMan | ||
| 942 |
_2ddc _cBK |
||
| 998 |
_cbat _e2011-05-20 |
||
| 999 |
_c8710 _d8710 |
||